000 00891nam a2200265Ia 4500
003 OSt
005 20220926010538.0
006 a|||||r|||| 00| 0
007 ta
008 220923b |||||||| |||| 00| 0 eng d
020 _a9789383074501
_c695.00
037 _b1987, 26/02/2019, Dhanraj Book House
_cGeneral Book
040 _aRTL
_cRTL
_beng
041 _2eng
_aeng
082 _aY2215.3:5231.235, Q6
100 _aDANDEKAR Deepra
_9312530
245 0 _aBoundaries and motherhood
_b Ritual and reproduction in rural Maharashtra.
260 _a New Delhi
_bZubaan
_c2016
300 _aix, 236p
_ccm.
490 _aCritical Political Economy of South Asia
500 _aBibliography: p 217-44
650 _aSociology
942 _hY2215.3:5231.235, Q6
_cGB
_2CC
999 _c617602
_d617602